Catálogo público

Agrometeorologia / coordinadores Francisco Elias Castillo, Francesc Castellvi Sentis (Record no. 217153)

MARC details
000 -CABECERA
campo de control de longitud fija 01127nam a2200349Ia 4500
001 - NÚMERO DE CONTROL
campo de control Z_6622
003 - IDENTIFICADOR DEL NÚMERO DE CONTROL
campo de control CHAP
005 - FECHA Y HORA DE LA ÚLTIMA TRANSACCIÓN
campo de control 20230313144402.0
007 - CAMPO FIJO DE DESCRIPCIÓN FÍSICA--INFORMACIÓN GENERAL
campo de control de longitud fija ta
008 - DATOS DE LONGITUD FIJA--INFORMACIÓN GENERAL
campo de control de longitud fija 220601t2001 sp ad fr 001 0 spa d
020 ## - NÚMERO INTERNACIONAL ESTÁNDAR DEL LIBRO
Número Internacional Estándar del Libro 84-7114-973-7
040 ## - FUENTE DE LA CATALOGACIÓN
Centro catalogador/agencia de origen Z
Centro/agencia transcriptor CHAP
082 ## - NÚMERO DE LA CLASIFICACIÓN DECIMAL DEWEY
Número de clasificación 630.2515 A37
245 1# - MENCIÓN DE TÍTULO
Título Agrometeorologia / coordinadores Francisco Elias Castillo, Francesc Castellvi Sentis
250 ## - MENCIÓN DE EDICIÓN
Mención de edición 2a ed.
260 ## - PUBLICACIÓN, DISTRIBUCIÓN, ETC.
Lugar de publicación, distribución, etc. España : Mundi-Prensa
Nombre del editor, distribuidor, etc. Mundi-Prensa
Fecha de publicación, distribución, etc. 2001
300 ## - DESCRIPCIÓN FÍSICA
Extensión 517 p.:
Otras características físicas ilustraciones, gráficas, tablas
500 ## - NOTA GENERAL
Nota general Segunda edición corregida
503 ## - NOTA DE HISTORIA BIBLIOGRÁFICA (BK CF MU) [OBSOLETO]
Nota de historia bibliográfica ej.1: consumo \ ej.2: consumo \ ej.3. consumo
504 ## - NOTA DE BIBLIOGRAFÍA, ETC.
Nota de bibliografía, etc. Bibliografía: p. 503 - 512
650 ## - PUNTO DE ACCESO ADICIONAL DE MATERIA--TÉRMINO DE MATERIA
Término de materia o nombre geográfico como elemento de entrada 1. Agrometeorología
650 ## - PUNTO DE ACCESO ADICIONAL DE MATERIA--TÉRMINO DE MATERIA
Término de materia o nombre geográfico como elemento de entrada Clima
9 (RLIN) 145527
650 ## - PUNTO DE ACCESO ADICIONAL DE MATERIA--TÉRMINO DE MATERIA
Término de materia o nombre geográfico como elemento de entrada Factores climáticos
9 (RLIN) 144400
650 ## - PUNTO DE ACCESO ADICIONAL DE MATERIA--TÉRMINO DE MATERIA
Término de materia o nombre geográfico como elemento de entrada Pronóstico meteorológico
650 ## - PUNTO DE ACCESO ADICIONAL DE MATERIA--TÉRMINO DE MATERIA
Término de materia o nombre geográfico como elemento de entrada Tiempo meteorológico
700 1# - PUNTO DE ACCESO ADICIONAL--NOMBRE DE PERSONA
Nombre de persona Elias Castillo, Francisco
9 (RLIN) 145390
Término indicativo de función/relación editor
700 1# - PUNTO DE ACCESO ADICIONAL--NOMBRE DE PERSONA
Nombre de persona Castellvi Sentis, Francesc
9 (RLIN) 145389
Término indicativo de función/relación editor
901 ## - ELEMENTOS DE DATOS A LOCAL LDA (RLIN)
a 630.2515 A37
902 ## - ELEMENTOS DE DATOS B LOCAL, LDB (RLIN)
a A
905 ## - ELEMENTOS DE DATOS E LOCAL, LDE (RLIN)
a 523227 2001 sp amn 8221113311spa16
942 ## - ELEMENTOS DE PUNTO DE ACCESO ADICIONAL (KOHA)
Tipo de ítem Koha Libro
Fuente del sistema de clasificación o colocación Dewey Decimal Classification
Holdings
Estado de retiro Estado de pérdida Fuente del sistema de clasificación o colocación Estado dañado Restricciones de uso No para préstamo Código de colección Localización permanente Ubicación/localización actual Fecha de adquisición Fuente de adquisición Número de inventario Total de préstamos Signatura topográfica completa Código de barras Fecha visto por última vez Número de copia Precio válido a partir de Tipo de ítem Koha
    Dewey Decimal Classification   Préstamo interno   General Zootecnia Zootecnia 02/09/2015 Compra Consumo   630.2515 A37 z_6483 02/06/2022 3 02/06/2022 Libro
    Dewey Decimal Classification   Préstamo interno   General Zootecnia Zootecnia 02/09/2015 Compra Consumo   630.2515 A37 z_6481 02/06/2022 1 02/06/2022 Libro
    Dewey Decimal Classification   Préstamo interno   General Zootecnia Zootecnia 02/09/2015 Compra Consumo   630.2515 A37 z_6482 02/06/2022 2 02/06/2022 Libro